000 01677nam a2200421 a 4500
001 ebr10695217
003 CaPaEBR
006 m u
007 cr cn|||||||||
008 100527s2010 enkab sb 000 0 eng d
010 _z 2010022046
020 _z9781842179659 (hardback)
020 _z1842179659 (hardback)
020 _z9781842178218 (e-book)
040 _aCaPaEBR
_cCaPaEBR
035 _a(OCoLC)839388952
043 _ae-uk-en
050 1 4 _aGT3243
_b.B87 2010eb
082 0 4 _a393.90942
_222
245 0 0 _aBurial in later Anglo-Saxon England c. 650-1100 AD
_h[electronic resource] /
_cedited by Jo Buckberry and Annia Cherryson.
260 _aOxford, England ;
_aOakville, Conn. :
_bOxbow Books,
_cc2010.
300 _ax, 142 p. :
_bill., maps.
490 1 _aStudies in funerary archaeology ;
_vv. 4
504 _aIncludes bibliographical references.
533 _aElectronic reproduction.
_bPalo Alto, Calif. :
_cebrary,
_d2013.
_nAvailable via World Wide Web.
_nAccess may be limited to ebrary affiliated libraries.
650 0 _aFuneral rites and ceremonies, Medieval
_zEngland.
650 0 _aBurial
_zEngland
_xHistory.
650 0 _aCivilization, Anglo-Saxon.
650 0 _aHuman remains (Archaeology)
_zEngland.
650 0 _aAnglo-Saxons
_zEngland
_xAntiquities.
651 0 _aGreat Britain
_xCivilization
_yTo 1066.
655 7 _aElectronic books.
_2local
700 1 _aBuckberry, Jo.
700 1 _aCherryson, Annia.
710 2 _aebrary, Inc.
830 0 _aStudies in funerary archaeology ;
_vv. 4.
856 4 0 _uhttp://site.ebrary.com/lib/rucke/Doc?id=10695217
_zAn electronic book accessible through the World Wide Web; click to view
999 _c9027
_d9027